Szczegóły MARC21

Bürgerliches Gesetzbuch :

003 -Nazwa inst., której nr kontr. jest w polu 001 [,]
    • @
    • Nazwa instytucji, której n kontrolny jest w polu 001
    • NUKAT
005 -DATA I CZAS OSTATNIEJ MODYFIKACJI [,]
    • @
    • pole kontrolne
    • 20241231094535.0
020 -Międzynarod. znormalizowany nr książki - ISBN [ , ]
    • a
    • Numer ISBN
    • 9783406644009 Find
040 -Instytucja sporządzająca opis [ , ]
    • a
    • Instytucja, która sporządziła opis (NP)
    • KR U/16MS
    • c
    • Instytucja, która sporządziła rekord (NP)
    • KR U/16MSs
    • d
    • Instytucja, która zmodyfikowała rekord (P)
    • KR U/16MS
942 -Rodzaj dokumentu [ , ]
    • c
    • Rodzaj dokumentu
    • Książka
100 -Hasło główne - nazwa osobowa [1, ]
    • a
    • Nazwa osobowa (NP)
    • Palandt, Otto
    • d
    • Daty biograficzne (NP)
    • (1877-1951).
    • 9
    • KHW
    • 703460
245 -Strefa tytułu i oznaczenia odpowiedzialności [1,0]
    • a
    • Tytuł
    • Bürgerliches Gesetzbuch : Find
    • b
    • Ciąg dalszy tytułu (NP)
    • mit Nebengesetzen, insbesondere mit Einführungsgesetz (Auszug) einschlißlich Rom I-, Rom II- und Rom III-Verordnungen sowie Haager Unterhaltsprotokoll und EU-Erbrechtsverordnung, allgemeines Gleichbehandlungsgesetz (Auszug), Wohn- und Betreuungsvertragsgesetz, BGB- Informationspflichten-Verordnung, Unterlassungsklagengesetz, Produkthaftungsgesetz, Erbbaurechtsgesetz, Wohnungseigentumsgesetz, Versorgungsausgleichsgesetz, Lebenspartnerschaftsgesetz, Gewaltschutzgesetz / Find
    • c
    • Pozostałe elementy strefy tytułu i oznaczenia odpowiedzialności (NP)
    • Palandt ; Bearb. von Peter Bassenge [et al.].
246 -Wariant tytułu [1,8]
    • a
    • Tytuł (NP)
    • BGB
250 -Strefa wydania [ , ]
    • a
    • Oznaczenie wydania (NP)
    • 73., neubearb. Aufl.
260 -Strefa adresu wydawniczego [ , ]
    • a
    • Miejsce wydania (P)
    • München :
    • b
    • Nazwa wydawcy (P)
    • C.H. Beck,
    • c
    • Data wydania (P)
    • 2014.
300 -Strefa opisu fizycznego [ , ]
    • a
    • Określenie formy książki i/lub objętość (NP)
    • XXXIV, 3220 s. ;
    • c
    • Format (NP)
    • 25 cm.
336 -Typ zawartości [ , ]
    • a
    • Termin opisujący typ zawartości
    • Tekst
    • b
    • Kod określający zawartość
    • txt
    • 2
    • Źródło (terminu i kodu)
    • rdacontent
337 -Typ mediów [ , ]
    • a
    • Tryb odtwarzania
    • Bez urządzenia pośredniczącego
    • b
    • Kod typu mediów
    • n
    • 2
    • Źródło (terminu i kodu)
    • rdamedia
338 -Typ/rodzaj nośnika [ , ]
    • a
    • Hasło opisujące typ nośnika
    • Wolumin
    • b
    • Kod typu nośnika
    • nc
    • 2
    • Źródło (terminu i kodu)
    • rdacarrier
490 -Strefa serii i książki wielotomowej - forma nie do wyszukiwania [1, ]
    • a
    • Tytuł (P)
    • Beck'sche Kurz-Kommentare ; Find
    • v
    • Numeracja (P)
    • Bd. 7
830 -Hasło dodatkowe serii i opisu książki wielotomowej - tytuł ujednolicony/tytuł [ ,0]
    • a
    • Tytuł ujednolicony/tytuł (NP)
    • Beck'sche Kurz-Kommentare
    • x
    • ISSN
    • 1611-8545
    • v
    • Oznaczenie tomu (NP)
    • Bd. 7
    • 9
    • KHW
    • 659183
504 -Uwaga dot. bibliogr. załącznikowej [ , ]
    • a
    • Uwaga dot. bibliografii załącznikowej
    • Bibliogr. przy księgach kodeksu. Indeks.
650 -Hasło przedmiotowe [ ,7]
    • a
    • Hasło przedmiotowe
    • Prawo cywilne
    • z
    • Określnik geograficzny
    • Niemcy
    • x
    • Określnik rzeczowy
    • kodeksy.
    • 2
    • Źródło terminu
    • kaba
    • 9
    • KHW
    • 634268
650 -Hasło przedmiotowe [ ,7]
    • a
    • Hasło przedmiotowe
    • Prawo cywilne
    • x
    • Określnik rzeczowy
    • interpretacja
    • z
    • Określnik geograficzny
    • Niemcy.
    • 2
    • Źródło terminu
    • kaba
    • 9
    • KHW
    • 709286
700 -Hasło dodatkowe - nazwa osobowa [1, ]
    • a
    • Nazwa osobowa (NP)
    • Bassenge, Peter. Find
    • e
    • Określenie rodzaju współpracy
    • Oprac.
    • 9
    • KHW
    • 729739
710 -Hasło dodatkowe - nazwa ciała zbiorowego [2, ]
    • a
    • Nazwa ciała zbiorowego lub nazwa geograficzna jako pierwszy element (NP)
    • Verlag C.H. Beck.
    • 4
    • Kod relacji
    • pbl
    • 9
    • KHW
    • 80052
920 -ISBN [ , ]
    • a
    • ISBN
    • 978-3-406-64400-9 Find
Numer inwentarzowy Status udost. Lokalizacja Data inwentaryzacji Obwoluta Sygnatura
SA.269161BSA2025-09-021SA.26916/DW